<?xml version="1.0" encoding="UTF-8"?>
<marc:record xmlns:marc="http://www.loc.gov/MARC21/slim">
   <marc:leader>00000nam a2200000 a 4500</marc:leader>
   <marc:datafield ind1="1" ind2=" " tag="100">
      <marc:subfield code="a">Edmondson, Elizabeth</marc:subfield>
      <marc:subfield code="4">aut</marc:subfield>
      <marc:subfield code="e">Verfasser/-in</marc:subfield>
   </marc:datafield>
   <marc:datafield ind1="1" ind2=" " tag="100">
      <marc:subfield code="a">Schumacher, Sonja</marc:subfield>
      <marc:subfield code="4">trl</marc:subfield>
      <marc:subfield code="e">Übersetzer/-in</marc:subfield>
   </marc:datafield>
   <marc:datafield ind1="1" ind2=" " tag="100">
      <marc:subfield code="a">Seuß, Rita</marc:subfield>
      <marc:subfield code="4">trl</marc:subfield>
      <marc:subfield code="e">Übersetzer/-in</marc:subfield>
   </marc:datafield>
   <marc:datafield ind1="1" ind2=" " tag="100">
      <marc:subfield code="a">Edmondson, Elizabeth</marc:subfield>
   </marc:datafield>
   <marc:datafield ind1="0" ind2="0" tag="245">
      <marc:subfield code="a">Sturm über Beauregard Abbey</marc:subfield>
   </marc:datafield>
   <marc:datafield ind1="0" ind2="0" tag="245">
      <marc:subfield code="b">Roman</marc:subfield>
   </marc:datafield>
   <marc:datafield ind1="0" ind2="0" tag="245">
      <marc:subfield code="c">Elizabeth Edmondson. Aus dem Engl. von Sonja Schumacher &amp; Rita Seuß</marc:subfield>
   </marc:datafield>
   <marc:datafield ind1=" " ind2="1" tag="264">
      <marc:subfield code="a">Reinbek bei Hamburg</marc:subfield>
      <marc:subfield code="b">Wunderlich</marc:subfield>
      <marc:subfield code="c">2011</marc:subfield>
   </marc:datafield>
   <marc:datafield ind1=" " ind2=" " tag="250">
      <marc:subfield code="a">1. Aufl.</marc:subfield>
   </marc:datafield>
   <marc:datafield ind1="1" ind2=" " tag="520">
      <marc:subfield code="a">Angaben aus der Verlagsmeldung

Sturm über Beauregard Abbey Edmondson, Sturm über Beauregard Abbey / von Elizabeth Edmondson

Ein düsterer Morgen im Jahr 1538. Die Reiter Königs Heinrich des Achten suchen die Abtei von Beauregard heim, denn die Mönche dort stehen unter Verdacht, sich der Hexerei schuldig gemacht zu haben. Alle Brüder werden hingerichtet, doch vorher gelingt es dem Prior, ein Buch zu retten. Er lässt es hastig in die Säule eines Kreuzganges einmauern.

Knapp 500 Jahre später will die junge Sprachwissenschaftlerin Zuleika Rathbone England den Rücken kehren. Doch da wird sie nach Beauregard Abbey in den schottischen Highlands gerufen. Es ist die einzigartige Chance, ein geheimnisvolles altes Buch zu begutachten, das im alten Gemäuer des heutigen Internats gefunden wurde. Bald geschehen hier merkwürdige Dinge: Schüler werden gegeneinander aufgehetzt, unschuldige Streiche werden immer grausamer.

Dann erkennt Zuleika, dass sie ein Lehrbuch für Schwarze Magie in den Händen hält…
</marc:subfield>
   </marc:datafield>
   <marc:datafield ind1=" " ind2=" " tag="020">
      <marc:subfield code="a">9783805250191</marc:subfield>
      <marc:subfield code="9">9783805250191</marc:subfield>
   </marc:datafield>
   <marc:datafield ind1=" " ind2=" " tag="020">
      <marc:subfield code="a">3805250193</marc:subfield>
      <marc:subfield code="9">3805250193</marc:subfield>
   </marc:datafield>
   <marc:datafield ind1=" " ind2=" " tag="041">
      <marc:subfield code="a">ger</marc:subfield>
   </marc:datafield>
   <marc:datafield ind1=" " ind2=" " tag="300">
      <marc:subfield code="a">396 S.</marc:subfield>
   </marc:datafield>
</marc:record>
